01789nam a2200277 i 4500001001000000003000900010005001700019007000300036008004100039040003000080041000800110082002700118100003700145245011900182260004800301300002700349336002700376337003300403338002800436500006400464505035900528520043000887600006101317650007501378651005801453000020757DO-SdBNP20260515191621.0ta100813n201? dr gr 001 0dspa d aDO-SdBNPbspacBNPHUerda aspa 4a972.9304092bM385a2231 aMartínez, Mamerto4aut.eautor10a"Andando por la verdad, se llega a la libertad" :bJuan Pablo Duarte, en el mundo espiritual /cMamerto Martínez aSanto Domingo :bMedina & Asociado,c[2015] a173 páginas ;c24 cm atextobtxt2rdacontent asin mediaciónbn2rdamedia avolumenbnc2rdacarrier aIncluye datos biográficos del autor en la contracubierta. aPrefacio -- Introducción -- La biblia en nuestra bandera-- Juan Pablo Duarte , un elegido para la historia -- En la Ruta hacia la libertad -- Y se encontro con el Dios de la biblia -- Viajando atravéz de la biblia -- Entre vientos huracanados -- Ovejas y lobos -- Con Dios en el corazón y con la biblia en la mano -- Tomemos el camino de la verdad. aEn el transcurso de esta obra el autor nos lleva de la mano por caminos no conocidos ni planteados por historidadores sobre los verdaderos origenes de la gesta independentista dominicana; la fe en el Dios todopoderoso del gestor del proyecto (Duarte), y el plan de Dios de implantar Quisqueya un altar que contrarrestara las fuerzas demoníacas traídas de las tierras africanas y que aún hoy ejercen fuertes influencias.10aDuarte, Juan Pablo, d1813-1876xPensamiento religioso 7aIdentidad nacional 2LembxAspectos religiososzRepública Dominicana aRepública DominicanaxHistoriavAspectos religiosos